| 000 | 00570nam a22001817a 4500 | ||
|---|---|---|---|
| 999 |
_c190906 _d190906 |
||
| 005 | 20220810145251.0 | ||
| 010 | _aENG-134382 | ||
| 020 | _c450.00 | ||
| 035 | _aEN-117914 | ||
| 037 | _bDBAD/PUB | ||
| 082 | _a659.1 | ||
| 100 | _aJagtap, Jayprakash | ||
| 245 |
_aAdvertising Art.com: _bTheory & Ideas/ _cJayprakash Jagtap |
||
| 260 |
_aPune _bJagtap Publication House _c2019 |
||
| 270 |
_aD/II/3, Shree Prasanna Housing Soceity, Bibavewadi _bPune _e411037 _mjayprakashjjagtap@gmail.com |
||
| 300 |
_a202p. _c28cm(pbk) |
||
| 942 |
_2ddc _cEN _h659.1 _mJAG |
||